MDQL
is popping MORE tags! Check the
thread
!
Quizzes
Events
Quiz Creation
Community
Videos
Private Events
Remove Ads
Sign In
Join for FREE
Feedback
Dark Mode
Quiz Categories
Sports
Geography
Music
Movies
Television
Just For Fun
Miscellaneous
History
Literature
Language
Science
Gaming
Entertainment
Religion
Holiday
For Kids
Quiz Lab
Recent
Popular Today
Quiz Kudos Today
Editor Picks
Curator Picks
Quizzes by...
Day
Popularity
Type
Ratings
Length
Year
Community
Subscriptions
Recent Discussions
Orange Saloon
Badges
Playlists
Quests
Create
Leaderboards
Showdown
Live 5
Trivia Bingo
Activity
Puzzle Library
Sporcle Events
Private Events
Virtual Trivia
Globe League
Become a Host
Pub Owners
SporcleCon
Opinionation
Our Games
Videos
Blog
Mobile Apps
Partnerships
Remove Ads and Go Orange
Feedback
Sports
Athletes
MLB
NBA
NHL
NFL
Soccer
Sports Teams
WWE
NCAA
Football
Premier League
Basketball
Baseball
Hockey
Golf
Tennis
Cricket
Rugby
Auto Racing
Olympics
World Cup
Sports
Athletes
MLB
NBA
NHL
NFL
Soccer
Sports Teams
WWE
NCAA
Football
Premier League
Basketball
Baseball
Hockey
Golf
Tennis
Cricket
Rugby
Auto Racing
Olympics
World Cup
Random Quiz
Search Sporcle
×
Quiz Lab
Quiz Lab
Sports
Player
Type in answers that appear in a list
Type in answers that appear in a list
Classic
Best Score? Go Orange.
Yearly AL and NL Intentional Walk Leaders Stats
Can you name the Yearly AL and NL Intentional Walk Leaders?
By
tclaycooper
12m
127 Questions
97 Plays
97 Plays
97 Plays
Comments
Comments
Give Quiz Kudos
Give Quiz Kudos
-
- Ratings
hide this ad
Replay
Link that replays current quiz
Next Quiz
Link to next quiz in quiz playlist
You Got
0%
They Got
Avg Score
65%
Avg Friend Score
Upgrade to see
Score Distribution
Jump to the score distribution portion of the page
Score
0/127
Timer
12:00
0
Plays Today
Year / League
Player
% Correct
2010 /
NL
Albert Pujols
100%
2009 /
NL
Albert Pujols
100%
2008 /
NL
Albert Pujols
100%
2007 /
NL
Barry Bonds
100%
2006 /
NL
Barry Bonds
100%
2005 /
NL
Albert Pujols
100%
2004 /
NL
Barry Bonds
100%
2003 /
NL
Barry Bonds
100%
2002 /
NL
Barry Bonds
100%
1998 /
NL
Barry Bonds
100%
1997 /
NL
Barry Bonds
100%
1996 /
NL
Barry Bonds
100%
1995 /
NL
Barry Bonds
100%
1994 /
NL
Barry Bonds
100%
1993 /
NL
Barry Bonds
100%
1992 /
NL
Barry Bonds
100%
2010 /
AL
Miguel Cabrera
96.9%
2008 /
AL
Vladmir Guerrero
95.9%
2007 /
AL
Vladmir Guerrero
95.9%
2006 /
AL
Vladmir Guerrero
95.9%
2005 /
AL
Vladmir Guerrero
95.9%
2001 /
NL
Sammy Sosa
95.9%
2000 /
NL
Vladimir Guerrero
95.9%
1996 /
AL
Frank Thomas
95.9%
1995 /
AL
Frank Thomas
95.9%
2003 /
AL
Manny Ramirez
94.8%
2001 /
AL
Manny Ramirez
94.8%
2008 /
AL
Justin Morneau
93.8%
2009 /
AL
Ichiro Suzuki
92.8%
2004 /
AL
Ichiro Suzuki
92.8%
2002 /
AL
Ichiro Suzuki
92.8%
1999 /
AL
Ken Griffey Jr.
92.8%
1997 /
AL
Ken Griffey Jr.
92.8%
1957 /
AL
Ted Williams
92.8%
1956 /
AL
Ted Williams
92.8%
1955 /
AL
Ted Williams
92.8%
1999 /
AL
Bernie Williams
92.8%
1986 /
AL
George Brett
90.7%
1985 /
AL
George Brett
90.7%
1999 /
NL
Mark McGwire
88.7%
1986 /
NL
Mike Schmidt
85.6%
1981 /
NL
Mike Schmidt
85.6%
1990 /
NL
Andre Dawson
84.5%
Year / League
Player
% Correct
1971 /
NL
Hank Aaron
84.5%
1966 /
AL
Harmon Killebrew
83.5%
1969 /
AL
Harmon Killebrew
83.5%
1967 /
AL
Harmon Killebrew
83.5%
1973 /
NL
Willie McCovey
82.5%
1970 /
NL
Willie McCovey
82.5%
1969 /
NL
Willie McCovey
82.5%
1971 /
NL
Willie McCovey
82.5%
1992 /
AL
Wade Boggs
81.4%
1991 /
AL
Wade Boggs
81.4%
1990 /
AL
Wade Boggs
81.4%
1989 /
AL
Wade Boggs
81.4%
1988 /
AL
Wade Boggs
81.4%
1987 /
AL
Wade Boggs
81.4%
1964 /
AL
Mickey Mantle
78.4%
1958 /
AL
Mickey Mantle
78.4%
1969 /
AL
Reggie Jackson
77.3%
1974 /
AL
Reggie Jackson
77.3%
1972 /
NL
Johnny Bench
77.3%
1968 /
NL
Roberto Clemente
77.3%
1994 /
AL
Mo Vaughn
75.3%
1987 /
NL
Dale Murphy
75.3%
1964 /
NL
Frank Robinson
75.3%
1963 /
NL
Frank Robinson
75.3%
1961 /
NL
Frank Robinson
75.3%
1962 /
NL
Frank Robinson
75.3%
1960 /
NL
Ernie Banks
72.2%
1959 /
NL
Ernie Banks
72.2%
1984 /
AL
Eddie Murray
71.1%
1990 /
NL
Eddie Murray
71.1%
1982 /
AL
Eddie Murray
71.1%
2000 /
AL
Nomar Garciaparra
70.1%
1988 /
NL
Will Clark
70.1%
1963 /
AL
Al Kaline
64.9%
1959 /
AL
Al Kaline
64.9%
1989 /
NL
Kevin Mitchell
63.9%
1978 /
AL
Rod Carew
63.9%
1977 /
AL
Rod Carew
63.9%
1975 /
AL
Rod Carew
63.9%
1979 /
NL
Dave Winfield
61.9%
1958 /
NL
Stan Musial
58.8%
1957 /
NL
Stan Musial
58.8%
1956 /
NL
Duke Snider
58.8%
Year / League
Player
% Correct
1978 /
NL
Dave Parker
50.5%
1985 /
NL
Dave Parker
50.5%
1988 /
AL
Mike Greenwell
47.4%
1993 /
AL
John Olerud
45.4%
1971 /
AL
Frank Howard
45.4%
1970 /
AL
Frank Howard
45.4%
1955 /
NL
Ted Kluszewski
41.2%
1961 /
AL
Norm Cash
40.2%
1991 /
NL
Fred McGriff
39.2%
1998 /
AL
Robin Ventura
38.1%
1968 /
AL
Tony Oliva
33%
1982 /
NL
Keith Hernandez
29.9%
1975 /
NL
Greg Luzinski
28.9%
1985 /
NL
Leon Durham
27.8%
1977 /
NL
Ted Simmons
25.8%
1976 /
NL
Ted Simmons
25.8%
2011 /
AL
Jose Bautista
25.8%
1973 /
AL
John Mayberry
24.7%
2011 /
NL
Prince Fielder
23.7%
1984 /
NL
Garry Templeton
21.6%
1983 /
NL
Dale Berra
21.6%
1967 /
AL
Bill Freehan
21.6%
1962 /
NL
Bill Mazeroski
21.6%
1985 /
NL
Garry Templeton
21.6%
1980 /
AL
Ben Oglivie
19.6%
1974 /
NL
Bill Russell
16.5%
1962 /
AL
Jim Gentile
16.5%
1983 /
AL
Ken Singleton
15.5%
1979 /
AL
Ken Singleton
15.5%
1975 /
NL
Ralph Garr
14.4%
1982 /
AL
Andre Thornton
13.4%
1966 /
NL
Leo Cardenas
11.3%
1965 /
NL
Leo Cardenas
11.3%
1960 /
AL
Roy Sievers
9.3%
1981 /
AL
Willie Aikens
8.2%
1980 /
NL
Warren Cromartie
8.2%
1960 /
AL
Jim Lemon
7.2%
1976 /
AL
Jim Spencer
5.2%
1967 /
NL
Adolfo Phillips
5.2%
1972 /
AL
Ed Hermann
3.1%
1965 /
AL
Don Minchner
1%
Quiz Playlist
Details
Report
Send in Message
Add To Playlist
Classic:
Type in answers that appear in a list
Quiz Source
Last Updated: Feb 16, 2017
Quiz Scoreboard
CHALLENGE
Sign Up to Join the Scoreboard
Show All
Scores
Hide
Comments
May contain spoilers
Recently Published
Holiday 10x10 Sorting Gallery
by lukepisani3
Holiday
15m
Two Season TV Shows II
by 123Four
Television
10m
Image Sorting: Flags VI
by Barbecue
Geography
2m
More to Explore
Quiz From the Vault
Featured Blog Post
14 Easter Pick-up Lines to Find Eggs With
hide this ad
You Might Also Like...
Tags
ibb
intentional
League
Player
team
Walk
Walk Leaders
Today's Top Quizzes in Sports
Browse Sports
hide this ad
Today's Top Quizzes in Player
Browse Player
Top Contributed Quizzes in Sports
1
Les meilleurs buteurs des matchs entre le PSG et l’OM
2
Les entraîneurs de l'OM et du PSG au 21e siècle
3
2022 World Cup Stars
4
Les joueurs passés par le PSG et l'OM
5
Players with Multiple 50 Home Run Seasons
6
FIFA Club World Cup Champions
7
Top 10 NHL Goal Scorers of All Time
8
Les joueurs passés par le LOSC et le RC Lens
9
Criteria MLB: Left Handed Sluggers
10
2023 MLB Unique Player Accomplishments
Explore More
Trending Topics
Disney
Kpop
Marvel
Anime
NBA
Crossword
Harry Potter
WWE
NFL
Puzzle
Song
Pokémon
Country
The Office
Soccer
hide this ad
More By:
tclaycooper
Quiz
Plays
Rating
Category
Featured
Created
7 Classical Liberal Arts
21,349
4.22
History
May 16, 2010
Best MLB Players with Both Speed and Power
3,067
4.49
Sports
Jun 14, 2010
MLB Career WAR Leaders by Position
2,438
3.50
Sports
Jun 8, 2010
Best Brothers in Baseball
768
4.40
Sports
Mar 24, 2013
MLB Position Players Yearly WAR Leaders
699
5.00
Sports
Jun 3, 2010
Go to Creator's Profile
Score Distribution
Quiz Creator Spotlight
tclaycooper
Follow
Send a Message
Quizzes Created
-
Created Quiz Play Count
-
More By This Creator
Popular Quizzes Today
1
Find the US States - No Outlines Minefield
2
Colored Red Africa Blitz
3
Find the 'City' Movie
4
The Countries of the World
5
5x2 Blitz: Bands
6
Find the Countries of Europe - No Outlines Minefield
7
Find the US States
8
US States
More Sports Quizzes
NCAA Profile: Indiana
Published
Trending Quizzes
Colored Red Europe Blitz I
Colored Red Europe Blitz II
Colored Red Africa Blitz II
Even More Two Season TV Shows
Colored Red Africa Blitz III
Recently Updated
Odd Team Out - Big 4 Players
pecheneg
Quick Pick: 20 Twenties
pecheneg
March Madness Men's Triple Doubles
pecheneg
How Do You Spell That?
pecheneg
Godzilla Movies
pecheneg
Grab Bag: 4-10 Letters
pecheneg
2024 March Madness Bracket
pecheneg
Famous TV Couples
Peacemaker
Champions League XIs: Real Madrid
pecheneg
Largest US Cities 1790-2010
pecheneg
Trending Topics
Crossword
Marvel
NBA
Kpop
Disney
Anime
Harry Potter
WWE
Puzzle
Soccer
Pokémon
Song
Country
The Office
NFL
Your Account Isn't Verified!
In order to create a playlist on Sporcle, you need to verify the email address you used during registration. Go to your
Sporcle Settings
to finish the process.
Report this User
Report this user for behavior that violates our
Community Guidelines
.
Details:
Send Report
Go to the Sporcle.com Mobile Site →
Comments